Riconosci la Squadra di calcio - Quiz n°204 - Statistics

Statistiche generali
  • Questo quiz è stato fatto 4 volte
  • Il punteggio medio è 6 su 10
Statistiche sulle risposte
Indizio Risposta % Corretto
Titoli nazionali 26 Campionati rumeni
100%
Colori sociali Blu, rosso
100%
Simboli Stella a otto punte
100%
Trofei internazionali 1 Coppe dei Campioni/Champions League 1 Supercoppe UEFA
67%
Capienza Stadio 56 600 posti
67%
Fondazione 1947
33%
Trofei nazionali 23 Coppe di Romania
6 Supercoppe di Romania
2 Coppe di Lega
33%
Divisione nazionale 2023-2024 Prima
33%
Squadra Steaua Bucarest
33%
Confederazione UEFA
33%
Nessun quiz corrispondente trovato
Distribuzione punteggi
Percentuale di utenti per punteggio
Percentile per numero di risposta
I tuoi punteggi nel tempo
Non hai fatto questo quiz